000 02140cam a22005894i 4500
003 PE-LiUPU
005 20250731170451.0
008 101209s2007 mx rb 000 0 spa d
020 _a139789701061602
035 _a(Sirsi) i1397897010616
040 _aPE-LiUPU
_bspa
_cPE-LiUPU
_dPE-LiUPU
_erda
049 _aPRUA
082 0 4 _a150.724
_bG71
_221
100 1 _aGonzález Rey, Fernando Luis
245 1 0 _aInvestigación cualitativa y subjetividad :
_blos procesos de construcción de la información /
_cFernando Luis González Rey.
264 1 _aMéxico :
_bMcGraw-Hill Interamericana Editores,
_c2007
300 _a156 páginas ;
_c24 centímetros
504 _aIncluye bibliografía
505 0 _aEl compromiso ontológico en la investigación cualitativa -- La investigación cualitativa como producción teórica: una aproximación diferente -- Diferentes momentos del proceso de investigación cualitativa y sus exigencias metodológicas.
526 _aSEG68
526 _aSEG70
526 _aSEG69
526 _aSEG67
526 _aSEG43
526 _aP144
526 _aP143
526 _aP131
526 _aP122
526 _aP120
526 _aP117
526 _aP112
526 _aP110
526 _aP106
526 _aP101
526 _aP80
526 _aP59
526 _aP54
526 _aP35
526 _aP33
526 _aP30
650 1 4 _aPsicología
_xInvestigación
650 1 4 _aInvestigación cualitativa
_xMetodología
650 1 4 _aInvestigación social
_xMetodología
650 1 4 _aMetodología de la investigación
910 _agl
_bjck
_c
_d20101209
942 _2ddc
_cBOOK
949 _a150.724 G71
_i62383
_lCCODEBUL1
_mBUL
_tLIBRO
_o.STAFF. Colección Ciencias de la Salud
994 _aC0
_bPEPRU
596 _a1
999 _aPGE 150.724 G71
_wDEWEY
_c51409
_i62383
_d51409
_f2021-11-3
_g4
_lCCODEBUL1
_mBUL
_p31.00
_q2
_r0
_sY
_tBOOK
_u2015-7-6
_xSALUD
_zUNKNOWN
_0COMPRA
_o.CIRCNOTE. No olvidar cambiar la fecha de devolución!!!!!!!
_o.STAFF. Colección Ciencias de la Salud
980 _81
_gALBERTO SANCHEZ Responsable de Automatización